Anomalia da coroa do coqueiro (Registro n. 9251)
[ somente texto ]
| 000 -LÍDER | |
|---|---|
| fixed length control field | 01716nab a2200253 i 4500 |
| 003 - CÓDIGO MARC DA AGÊNCIA CATALOGADORA | |
| Campo de controle | BR-BrBNA |
| 005 - DATA E HORA DA ÚLTIMA ATUALIZAÇÃO | |
| Campo de controle | 20230821133610.0 |
| 008 - CAMPO DE TAMANHO FIXO | |
| fixed length control field | 230530b2020 bl.ar|pooa||| 00| 0 por | |
| 040 ## - FONTE DA CATALOGAÇÃO | |
| Agência catalogadora | BR-BrBNA |
| Idioma da catalogação | por |
| 072 ## - CATEGORIA AGRIS | |
| Código AGRIS | H20 |
| Código do objeto | 0311 |
| 100 ## - ENTRADA PRINCIPAL - NOME PESSOAL | |
| Nome pessoal | Moura, José Inácio Lacerda |
| 245 ## - TÍTULO PRINCIPAL | |
| Título principal | Anomalia da coroa do coqueiro |
| 500 ## - NOTA GERAL | |
| Nota geral | Publicação on-line; 5 ref.; 5 illus.; Summaries (En, Pt) |
| 942 ## - ADDED ENTRY ELEMENTS (KOHA) | |
| Koha item type | |
| 520 ## - NOTA DE RESUMO | |
| Nota de conteúdo | Uma anomalia de agente etiológico ainda desconhecido vem aniquilando os coqueirais do sul da Bahia<br/>e em alguns estados do Nordeste do Brasil. A presente nota tem por objetivo fazer um breve descritivo<br/>da sintomatologia externa dos coqueiros afetados.<br/><br/>Palavras-chave: Cocos nucifera, doença<br/><br/><br/> |
| 520 ## - NOTA DE RESUMO | |
| Nota de conteúdo | Coconut crown anomaly. <br/>An anomaly of a still unknown etiologic agent has been annihilating<br/>the coconut palms of southern Bahia and some states in northeast Brazil. The purpose of this note is to<br/>provide a brief description of the external symptoms of affected coconut trees.<br/><br/>Key words: Cocos nucifera, disease |
| 650 ## - ASSUNTO - THESAGRO | |
| Cabeçalho tópico ou nome geográfico | COCOS NUCIFERA |
| 650 ## - ASSUNTO - THESAGRO | |
| Cabeçalho tópico ou nome geográfico | DOENÇA DE PLANTA |
| 650 ## - ASSUNTO - THESAGRO | |
| Cabeçalho tópico ou nome geográfico | DISTÚRBIO |
| 773 0# - ENTRADA ANALÍTICA | |
| Host Biblionumber | 1823 |
| Registro do item | 6918 |
| Imprenta | Itabuna-BA Comissão Executiva do Plano de Lavoura Cacaueira 1989 |
| Outro identificador | 2023-124816 |
| Título | Agrotrópica (Brazil) |
| ISSN | 0103-3816 |
| Colação | v. 32(2) p. 157-162; (May-Aug 2020) |
| Número de controle de registro | BR2023000596 |
| 856 ## - ACESSO E ENDEREÇO ELETRÔNICO | |
| Identificador uniforme de recurso - URI | https://www.gov.br/agricultura/pt-br/assuntos/ceplac/publicacoes/revista-agrotropica/artigos/2020-DOI-10.21757/0103-3816-2020v32n2p157-162.pdf |
| 856 ## - ACESSO E ENDEREÇO ELETRÔNICO | |
| Identificador uniforme de recurso - URI | https://www.gov.br/agricultura/pt-br/assuntos/ceplac/publicacoes/revista-agrotropica/revista-volumes/2000-a-2010/revista-agrotropica-vol-32-no-2-2020.pdf |
Nenhum exemplar disponível.

BINAGRI